00430nam a22001337a 4500020001800000082001200018100002300030245005400053250000800107260004100115300001400156650010400170700002200274 a81-317-0245-6 a670 KAL aKALPAKJIAN, SEROPE aMANUFACTURING PROCESSES FOR ENGINEERING MATERIALS a4TH aINDIAbPEARSON EDUCATION INDIAc2007 aXIX, 954P aMANUFACTURING PROCESSES FOR ENGINEERING MATERIALS.MANUFACTURING PROCESSES FOR ENGINEERING MATERIALS aSCHMID, STENEN R.